Every City to Ever Host a Big 4 North American Sports Team - Statistics

General Stats
  • This quiz has been taken 108 times
  • The average score is 157 of 222
Answer Stats
Hint Teams Answer % Correct
Baseball Pilots 1969; Mariners 1977-present Seattle
97%
Basketball SuperSonics 1967-2008 Seattle
97%
Football Seahawks 1976-present Seattle
97%
Hockey Kraken 2021-present Seattle
97%
Baseball Dodgers 1958-present; Angels 1961-1965, 2005-present Los Angeles
96%
Basketball Lakers 1960-present; Stars 1968-1970; Clippers 1984-present Los Angeles
96%
Football Buccaneers 1926; Dons 1946-1949; Rams 1946-1994; Chargers 1960; Raiders 1982-1994; Rams 2016-present; Chargers 2017-present Los Angeles
96%
Hockey Kings 1967-present; Sharks 1972-1976 Los Angeles
96%
Baseball Mutuals 1876; Gothams 1883-1885; Metropolitans 1883-1887; Giants 1885-1957, 1890; Highlanders 1903-1912; Yankees 1913-present; Cuban Stars 1923-1929; Lincoln Giants 1923-1929; Cubans 1935-1936; Black Yankees 1936-1948; Cubans 1929-1948; Mets 1962-present New York
96%
Basketball Knicks 1946-present; Nets 1968-1977 New York
96%
Football Brickley Giants 1921; Giants 1925-present; Yankees 1927-1928, 1946-1949; Bulldogs 1949; Yanks 1950-1951; Titans 1960-1962; Jets 1963-present New York
96%
Hockey Americans 1925-1941; Rangers 1926-present; Raiders 1972-1973; Islanders 1972-present; Golden Blades 1973-1974 New York
96%
Baseball Black Crackers 1932, 1938; Braves 1966-present Atlanta
95%
Basketball Hawks 1968-present Atlanta
95%
Football Falcons 1966-present Atlanta
95%
Hockey Flames 1972-1980; Thrashers 1999-2011 Atlanta
95%
Baseball White Stockings 1876-1889; Browns 1884; Pirates 1890; Colts 1890-1897; Orphans 1898-1902; White Stockings 1901-1903; Cubs 1903-present; White Sox 1904-present; Whales 1914-1915; Giants 1920-1921; American Giants 1920-1935, 1937-1948 Chicago
95%
Basketball Stags 1946-1950; Packers 1961-1962; Zephyrs 1962-1963; Bulls 1966-present Chicago
95%
Football Tigers 1920; Cardinals 1920-1959; Staleys 1921; Bears 1922-present; Rockets 1946-1948; Hornets 1949 Chicago
95%
Hockey Black Hawks 1926-1986; Cougars 1972-1975; Blackhawks 1986-present Chicago
95%
Baseball Devil Rays 1998-2007; Rays 2008-present Tampa
93%
Football Buccaneers 1976-present Tampa
93%
Hockey Lightning 1992-present Tampa
93%
Baseball Orioles 1882-1899; Monumentals 1884; Orioles 1901-1902; Terrapins 1914-1915; Black Sox 1923-1929; Elite Giants 1930, 1932-1948; Black Sox 1932-1934; Orioles 1954-present Baltimore
92%
Basketball Bullets 1947-1955, 1963-1973 Baltimore
92%
Football Colts 1947-1950, 1953-1983; Ravens 1996-present Baltimore
92%
Hockey Blades 1975 Baltimore
92%
Baseball Red Stockings 1871-1875; Red Caps 1876-1882; Beaneaters 1883-1906; Reds 1884, 1890-1891; Americans 1901-1907; Doves 1907-1910; Red Sox 1908-present; Rustlers 1911; Braves 1912-1935; Bees 1936-1940; Braves 1941-1952 Boston
92%
Basketball Celtics 1946-present Boston
92%
Football Bulldogs 1929; Braves 1932; Redskins 1933-1936; Yanks 1944-1948; Patriots 1960-present Boston
92%
Hockey Bruins 1924-present Boston
92%
Baseball Rangers 1972-present Dallas
92%
Basketball Chaparrals 1967-1973; Mavericks 1980-present Dallas
92%
Football Texans 1952, 1960-1962; Cowboys 1960-present Dallas
92%
Hockey Stars 1993-present Dallas
92%
Baseball Wolverines 1881-1888; Tigers 1901-present; Stars 1920-1931; Wolves 1932; Stars 1933, 1937 Detroit
92%
Basketball Falcons 1946-1947; Piston 1957-present Detroit
92%
Football Heralds 1920; Tigers 1921; Panthers 1925-1926; Wolverines 1928; Lions 1934-present Detroit
92%
Hockey Cougars 1926-1930; Falcons 1930-1932; Red Wings 1932-present; Stags 1974-1975 Detroit
92%
Baseball Colt .45s 1962-1964; Astros 1965-present Houston
92%
Basketball Mavericks 1967-1969; Rockets 1971-present Houston
92%
Football Oilers 1960-1996; Texans 2002-present Houston
92%
Hockey Aeros 1972-1978 Houston
92%
Baseball Statesmen 1884; Nationals 1884, 1886-1889; Statesmen 1891; Senators 1892-1899, 1901-1904; Nationals 1905-1955; Potomacs 1924; Pilots 1932; Black Senators 1938; Grays 1940-1948; Senators 1956-1971; Nationals 2005-present Washington
92%
Basketball Capitols 1946-1951, 1969-1970; Bullets 1973-1997; Wizards 1997-present Washington
92%
Football Senators 1921; Redskins 1937-2019; Football Team 2020-2021; Commanders 2022-present Washington
92%
Hockey Capitals 1974-present Washington
92%
Baseball Reds 1876-1879; Red Stockings 1881-1889; Outlaw Reds 1884; Reds 1890-1952; Kelly's Killers 1891; Cuban Stars 1920-1930; Tigers 1937; Clowns 1943-1945; Redlegs 1953-1958; Reds 1959-present Cincinnati
91%
Basketball Royals 1957-1972 Cincinnati
91%
Football Celts 1921; Reds 1933-1934; Bengals 1968-present Cincinnati
91%
Hockey Stingers 1975-1979 Cincinnati
91%
Baseball Pollock's Cuban Stars 1932; Marlins 1993-present Miami
91%
Basketball Floridians 1968-1972; Heat 1988-present Miami
91%
Football Seahawks 1946; Dolphins 1966-present Miami
91%
Hockey Panthers 1993-present Miami
91%
Baseball Giants 1958-present San Francisco
91%
Basketball Warriors 1962-1971, 2019-present San Francisco
91%
Football 49ers 1946-present San Francisco
91%
Baseball Blues 1879-1884; Spiders 1887-1899; Infants 1890; Bluebirds 1901; Broncos 1902; Naps 1903-1914; Indians 1915-2021; Tate Stars 1922-1923; Browns 1924; Elites 1926; Hornets 1927; Tigers 1928; Stars 1932; Red Sox 1934; Bears 1939-1940; Buckeyes 1942-1948; Guardians 2022-present Cleveland
89%
Basketball Rebels 1946-1947; Cavaliers 1970-present Cleveland
89%
Football Tigers 1920; Indians 1921, 1923; Bulldogs 1924-1927; Indians 1931; Rams 1937-1945; Browns 1946-present Cleveland
89%
Hockey Crusaders 1972-1976; Barons 1976-1978 Cleveland
89%
Baseball Rockies 1993-present Denver
89%
Basketball Nuggets 1949-1950; Rockets 1967-1974; Nuggets 1974-present Denver
89%
Football Broncos 1960-present Denver
89%
Hockey Spurs 1975-1976; Rockies 1976-1982; Avalanche 1995-present Denver
89%
Football Raiders 2020-present Las Vegas
89%
Hockey Golden Knights 2017-present Las Vegas
89%
Baseball Stogies 1884; Alleghenys 1887-1890; Burghers 1890; Pirates 1891-present; Stogies 1914; Rebels 1914-1915; Keystones 1922; Homestead Grays 1929, 1932, 1933; Crawfords 1933-1940; Homestead Grays 1935-1948 Pittsburgh
89%
Basketball Ironmen 1946-1947; Pipers 1967-1969; Condors 1970-1972 Pittsburgh
89%
Football Pirates 1933-1939; Steelers 1940-present Pittsburgh
89%
Hockey Pirates 1925-1930; Penguins 1967-present Pittsburgh
89%
Baseball Padres 1969-present San Diego
89%
Basketball Rockets 1967-1971; Conquistadors 1972-1975; Sails 1975-1976; Clippers 1978-1984 San Diego
89%
Football Chargers 1961-2016 San Diego
89%
Hockey Mariners 1974-1977 San Diego
89%
Baseball Bisons 1879-1885, 1890; Blues 1914-1915 Buffalo
88%
Basketball Braves 1970-1978 Buffalo
88%
Football All-Americans 1920-1923; Bisons 1924-1925; Rangers 1926; Bisons 1927-1929, 1946; Bills 1947-1949, 1960-present Buffalo
88%
Hockey Sabres 1970-present Buffalo
88%
Baseball Cowboys 1884, 1886, 1888-1889; Packers 1914-1915; Monarchs 1920-1931, 1937-1948; Athletics 1955-1967; Royals 1969-present Kansas City
88%
Basketball Kings 1972-1985 Kansas City
88%
Football Blues 1924; Cowboys 1925-1926; Chiefs 1963-present Kansas City
88%
Hockey Scouts 1974-1976 Kansas City
88%
Baseball Twins 1961-present Minneapolis
88%
Basketball Lakers 1948-1960; Muskies 1967-1968; Pipers 1968-1969; Timberwolves 1989-present Minneapolis
88%
Football Marines 1921-1924; Red Jackets 1929-1930; Vikings 1961-present Minneapolis
88%
Hockey North Stars 1967-1993; Wild 2000-present Minneapolis
88%
Baseball Athletics 1876, 1882-1891; Phillies 1883-present; Keystones 1884; Athletics 1901-1954; Hilldale Athletic Club 1923-1927, 1929, 1932; Stars 1934-1948 Philadelphia
88%
Basketball Warriors 1946-1962; 76ers 1963-present Philadelphia
88%
Football Eagles 1933-present Philadelphia
88%
Hockey Quakers 1930-1931; Flyers 1967-present; Blazers 1972-1973 Philadelphia
88%
Baseball Blue Jays 1977-present Toronto
88%
Basketball Huskies 1946-1947; Raptors 1995-present Toronto
88%
Hockey Arenas 1917-1919; St. Patricks 1919-1926; Maple Leafs 1926-present; Toros 1973-1976 Toronto
88%
Baseball Diamondbacks 1998-present Phoenix
87%
Basketball Suns 1968-present Phoenix
87%
Football Cardinals 1988-present Phoenix
87%
Hockey Roadrunners 1974-1977; Coyotes 1996-2024 Phoenix
87%
Football Packers 1921-present Green Bay
85%
Football Oilers 1998; Titans 1999-present Nashville
85%
Hockey Predators 1998-present Nashville
85%
Baseball Stars 1940-1941 New Orleans
85%
Basketball Buccaneers 1967-1970; Jazz 1974-1979; Hornets 2002-2013; Pelicans 2013-present New Orleans
85%
Football Saints 1967-present New Orleans
85%
Basketball Hornets 1988-2002; Bobcats 2004-2014; Hornets 2014-present Charlotte
84%
Football Panthers 1995-present Charlotte
84%
Baseball Blues 1878; Hoosiers 1884, 1887-1889, 1914; ABCs 1920-1926, 1931-1933; Athletics 1937; ABCs 1939-1939; Clowns 1944-1948 Indianapolis
84%
Basketball Jets 1948-1949; Olympians 1949-1953; Pacers 1967-present Indianapolis
84%
Football Colts 1984-present Indianapolis
84%
Hockey Racers 1974-1979 Indianapolis
84%
Baseball Red Caps 1938, 1941-1942 Jacksonville
84%
Football Jaguars 1995-present Jacksonville
84%
Baseball Grays 1877-1878; Brewers 1884, 1891, 1901; Bears 1923; Braves 1953-1965; Brewers 1970-present Milwaukee
84%
Basketball Hawks 1951-1955; Bucks 1968-present Milwaukee
84%
Football Badgers 1922-1926 Milwaukee
84%
Basketball Spurs 1973-present San Antonio
84%
Baseball Brown Stockings 1876-1877, 1882; Browns 1883-1898; Maroons 1884-1886; Perfectos 1899; Cardinals 1900-present; Browns 1902-1953; Terriers 1914-1915; Stars 1920-1931, 1937, 1939-1941 St. Louis
83%
Basketball Bombers 1946-1950; Hawks 1955-1968; Spirits 1974-1976 St. Louis
83%
Football All-Stars 1923; Gunners 1934; Cardinals 1960-1987; Rams 1995-2015 St. Louis
83%
Hockey Eagles 1934-1935; Blues 1967-present St. Louis
83%
Basketball Trail Blazers 1970-present Portland
81%
Basketball Grizzlies 1995-2001 Vancouver
81%
Hockey Canucks 1970-presents; Blazers 1973-1975 Vancouver
81%
Baseball Red Sox 1924-1925, 1927-1930, 1932, 1937-1948 Memphis
80%
Basketball Pros 1970-1972; Tams 1972-1974; Sounds 1974-1975; Grizzlies 2001-present Memphis
80%
Football Oilers 1997 Memphis
80%
Baseball Expos 1969-2004 Montreal
80%
Hockey Wanderers 1917-1918; Canadiens 1917-present; Maroons 1924-1938 Montreal
80%
Basketball Thunder 2008-present Oklahoma City
80%
Hockey Hurricanes 1997-present Raleigh
80%
Baseball Buckeyes 1883-1884; Solons 1889-1891; Buckeyes 1921; Blue Birds 1931; Turfs 1932; Blu Birds 1933 Columbus
79%
Football Panhandles 1920-1922; Tigers 1923-1926 Columbus
79%
Hockey Blue Jackets 2000-present Columbus
79%
Hockey Sharks 1991-present San Jose
79%
Baseball Athletics 1968-2024 Oakland
77%
Basketball Oaks 1967-1969; Warriors 1971-2019 Oakland
77%
Football Raiders 1960-1981, 1995-2019 Oakland
77%
Hockey Seals 1967-1970; Golden Seals 1970-1976 Oakland
77%
Basketball Magic 1989-present Orlando
77%
Basketball Stars 1970-1976; Jazz 1979-present Salt Lake City
77%
Hockey Mammoth 2024-present Salt Lake City
77%
Hockey Flames 1980-present Calgary
76%
Baseball Angels 1965-2004 Anaheim
75%
Basketball Amigos 1967-1968 Anaheim
75%
Hockey Mighty Ducks 1993-2006; Ducks 2006-present Anaheim
75%
Baseball Athletics 2025-present Sacramento
75%
Basketball Kings 1948-present Sacramento
75%
Hockey Oilers 1972-present Edmonton
72%
Hockey Senators 1917-1934; Nationals 1972-1973; Civics 1976; Senators 1992-present Ottawa
69%
Baseball Broncos 1890 Rochester
68%
Basketball Royals 1948-1957 Rochester
68%
Football Jeffersons 1920-1925 Rochester
68%
Hockey Jets 1972-1996, 2011-present Winnipeg
67%
Baseball Peppers 1915; Stars 1926; Browns 1932; Dodgers 1934-1935; Eagles 1936-1948 Newark
65%
Basketball Nets 1977-2012 Newark
65%
Football Tornadoes 1930 Newark
65%
Hockey Devils 1982-present Newark
65%
Baseball Dark Blues 1876 Hartford
64%
Football Blues 1926 Hartford
64%
Hockey Whalers 1972-1997 Hartford
64%
Hockey Bulldogs 1919-1920; Nordiques 1972-1995 Quebec City
64%
Baseball Grays 1876-1877; Eclipse 1882-1884; Colonels 1885-1899; Black Caps 1930; White Sox 1931; Black Caps 1932 Louisville
59%
Basketball Colonels 1967-1976; Louisville
59%
Football Brecks 1921-1923; Colonels 1926 Louisville
59%
Baseball Saints 1884 St. Paul
59%
Hockey Fighting Saints 1972-1977 St. Paul
59%
Baseball Hartfords 1877; Atlantics 1884; Grays 1885-1887; Bridegrooms 1888-1890; Gladiators 1890; Ward's Wonders 1890; Grooms 1891-1895; Bridegrooms 1896-1898; Superbas 1899-1910; Trolley Dodgers 1911-1912; Dodgers 1913; Tip-Tops 1914-1915; Robins 1914-1931; Royal Giants 1923-1927; Dodgers 1932-1957; Eagles 1935 Brooklyn
57%
Basketball Nets 2012-present Brooklyn
57%
Football Lions 1926; Dodgers 1930-1943; Tigers 1944; Dodgers 1946-1948 Brooklyn
57%
Hockey Americans 1941-1942 Brooklyn
57%
Baseball Stars 1879, 1890 Syracuse
57%
Basketball Nationals 1949-1963 Syracuse
57%
Baseball Grays 1878-1885 Providence
53%
Basketball Steamrollers 1946-1949 Providence
53%
Football Steam Roller 1925-1931 Providence
53%
Football Pros 1920-1925; Indians 1926 Akron
52%
Baseball Virginians 1884 Richmond
51%
Basketball Kings 1972-1975 Omaha
49%
Baseball Black Barons 1924-1925, 1927-1930, 1932, 1937-1938, 1940-1948 Birmingham
47%
Hockey Bulls 1976-1979 Birmingham
47%
Baseball Blue Stockings 1884; Maumees 1890; Tigers 1923 Toledo
47%
Football Maroons 1922-1923 Toledo
47%
Basketball Pistons 1948-1957 Fort Wayne
45%
Baseball Marcos 1920, 1926 Dayton
40%
Football Triangles 1920-1929 Dayton
40%
Baseball Grays 1932 Little Rock
39%
Football Bulldogs 1920-1926 Canton
29%
Hockey Tigers 1920-1925 Hamilton
29%
Baseball Quicksteps 1884; Potomacs 1925 Wilmington
29%
Baseball Worcesters 1880-1882 Worcester
29%
Baseball Giants 1924-1927; Stars 1943 Harrisburg
28%
Basketball Cougars 1969-1974 Greensboro
27%
Baseball Grey Sox 1932 Montgomery
27%
Basketball Squires 1970-1976 Norfolk
23%
Football Kelleys 1923-1925; Eskimos 1926-1927 Duluth
21%
Football Staleys 1920 Decatur
19%
Baseball Bacharach Giants 1923-1929 Atlantic City
17%
Football Crimson Giants 1921-1922 Evansville
17%
Basketball Blackhawks 1949-1951; Moline
13%
Football Spartans 1930-1933 Portsmouth
13%
Football Maroons 1924 Kenosha
12%
Football Legion 1922-1924; Tornadoes 1926 Racine
12%
Baseball Mountain Citys 1884 Altoona
11%
Hockey Knights 1973-1974 Camden
11%
Basketball Chaparrals 1970-1971; Lubbock
8%
Football Independents 1920-1925 Rock Island
8%
Football Flyers 1920-1921 Muncie
7%
Baseball Trojans 1879-1882 Troy
7%
Basketball Packers 1949-1950 Anderson
5%
Football Tornadoes 1929 Orange
5%
Basketball Red Skins 1949-1950 Sheboygan
5%
Baseball Allegheny 1882-1886 Allegheny
4%
Football Pros 1920-1926 Hammond
4%
Baseball Monarchs 1932 Monroe
4%
Football Stapletons 1929-1932 Staten Island
4%
Basketball Hawks 1949-1950 Waterloo
4%
Football Yellow Jackets 1924-1931 Frankford
3%
Football Maroons 1925-1928 Pottsville
3%
Football Oorang Indians 1922-1923 LaRue
1%
Basketball Americans 1967-1968 Teaneck
1%
Football Kardex 1921 Tonawanda
1%
No matching quizzes found
Score Distribution
Percent of People with Each Score
Percentile by Number Answered
Your Score History
You have not taken this quiz